<?xml version="1.0" encoding="UTF-8"?>
<record
    xmlns:xsi="http://www.w3.org/2001/XMLSchema-instance"
    xsi:schemaLocation="http://www.loc.gov/MARC21/slim http://www.loc.gov/standards/marcxml/schema/MARC21slim.xsd"
    xmlns="http://www.loc.gov/MARC21/slim">

  <leader>01155nam a2200229 i 4500</leader>
  <controlfield tag="001">189700</controlfield>
  <controlfield tag="003">ES-MaACL</controlfield>
  <controlfield tag="005">20251003063206.0</controlfield>
  <controlfield tag="008">190909s1958    sp           |||| | spa d</controlfield>
  <datafield tag="080" ind1=" " ind2=" ">
    <subfield code="a">917(266)</subfield>
  </datafield>
  <datafield tag="100" ind1="2" ind2=" ">
    <subfield code="a">Espinosa y Tello, Jos&#xE9;, </subfield>
    <subfield code="d">1763-1815</subfield>
    <subfield code="9">126966</subfield>
  </datafield>
  <datafield tag="245" ind1="1" ind2="0">
    <subfield code="a">Relaci&#xF3;n del viage hecho por las goletas Sutil y Mexicana en el a&#xF1;o de 1792 para reconocer el estrecho de Fuca : </subfield>
    <subfield code="b">con una introducci&#xF3;n en que se da noticia de las expediciones executadas anteriormente por los espa&#xF1;oles en busca del paso del Noroeste de la Am&#xE9;rica.</subfield>
  </datafield>
  <datafield tag="260" ind1=" " ind2=" ">
    <subfield code="a">Madrid : </subfield>
    <subfield code="b">Jos&#xE9; Porr&#xFA;a Turanzas, </subfield>
    <subfield code="c">1958.</subfield>
  </datafield>
  <datafield tag="300" ind1=" " ind2=" ">
    <subfield code="a">2 v., 7 l&#xE1;m., 9 mapas ; </subfield>
    <subfield code="c">25 cm.</subfield>
  </datafield>
  <datafield tag="490" ind1="1" ind2=" ">
    <subfield code="a">Colecci&#xF3;n Chimalistac de libros y documentos acerca de la Nueva Espa&#xF1;a ; </subfield>
    <subfield code="v">1-2</subfield>
  </datafield>
  <datafield tag="597" ind1=" " ind2=" ">
    <subfield code="a">Vol. 2: Atlas.</subfield>
  </datafield>
  <datafield tag="651" ind1=" " ind2="4">
    <subfield code="a">Juan de Fuca (Estrecho)-</subfield>
    <subfield code="x">Descubrimientos y exploraciones-</subfield>
    <subfield code="x">Espa&#xF1;oles.</subfield>
    <subfield code="9">168239</subfield>
  </datafield>
  <datafield tag="651" ind1=" " ind2="4">
    <subfield code="a">Paso del Noroeste-</subfield>
    <subfield code="x">Descubrimientos y exploraciones-</subfield>
    <subfield code="x">Espa&#xF1;oles.</subfield>
    <subfield code="9">169021</subfield>
  </datafield>
  <datafield tag="830" ind1="1" ind2=" ">
    <subfield code="a">Colecci&#xF3;n Chimalistac de libros y documentos acerca de la Nueva Espa&#xF1;a ; </subfield>
    <subfield code="v">1-2</subfield>
    <subfield code="9">182539</subfield>
  </datafield>
  <datafield tag="852" ind1="4" ind2=" ">
    <subfield code="a">ES-MaACL</subfield>
    <subfield code="j">P-798-1-2</subfield>
  </datafield>
  <datafield tag="999" ind1=" " ind2=" ">
    <subfield code="c">189700</subfield>
    <subfield code="d">189700</subfield>
  </datafield>
  <datafield tag="952" ind1=" " ind2=" ">
    <subfield code="0">0</subfield>
    <subfield code="1">0</subfield>
    <subfield code="4">0</subfield>
    <subfield code="7">0</subfield>
    <subfield code="a">ATENEOM</subfield>
    <subfield code="b">ATENEOM</subfield>
    <subfield code="c">DEPO2</subfield>
    <subfield code="d">2019-09-09</subfield>
    <subfield code="e">SC</subfield>
    <subfield code="l">0</subfield>
    <subfield code="o">P-798-1-2</subfield>
    <subfield code="p">1201092</subfield>
    <subfield code="r">2023-02-23 00:00:00</subfield>
    <subfield code="w">2023-02-23</subfield>
    <subfield code="y">MONOGRAFIA</subfield>
  </datafield>
</record>
